Countries most eaten breakfasts - Statistics

General Stats
  • This quiz has been taken 73 times
  • The average score is 4 of 12
Answer Stats
Hint Answer % Correct
Mexico Egg
80%
USA Pancake
75%
Brazil Toast
61%
Sweden Toast
61%
UK Bacon
49%
Pakistan Sausage
38%
India Dosa
13%
Australia Cereals
11%
Germany Bun
7%
Italy Bun
7%
China Bun
7%
Egypt Pita bread
0%
No matching quizzes found
Score Distribution
Percent of People with Each Score
Percentile by Number Answered
Your Score History
You have not taken this quiz